000 00745nam a2200277 i 4500
001 C2-0247853
003 PPAK
005 20180727212310.0
008 030402s2001 enk |||| ||||| | eng d
020 _a0007129726
040 _aPPAK
_beng
_cPPAK
_erda
082 0 4 _a823
_223
090 0 0 _a823
_bTOL
_dG
100 1 _aTolkien, J. R. R.,
_eauthor
245 1 4 _aThe return of the king
264 1 _aLondon :
_bHarper Collins ,
_c2001
300 _axii, 732 - 1137 pages ;
_c20 cm
336 _2rdacontent
_atext
337 _2rdamedia
_aunmediated
338 _2rdacarrier
_avolume
490 1 _aModern classics
500 _aThe lord of the rings (Part 3)
650 1 0 _aEnglish fiction
830 0 _aModern classics
942 _ddc
_cB
999 _c61626
_d61626